Normal view MARC view
  • Islamic Empire

Entry Geographic Name

Number of records used in: 1

001 - CONTROL NUMBER

  • control field: 2182

003 - CONTROL NUMBER IDENTIFIER

  • control field: OSt

005 - DATE AND TIME OF LATEST TRANSACTION

  • control field: 20170508111715.0

008 - FIXED-LENGTH DATA ELEMENTS

  • fixed length control field: 170508|| aca||aabn | a|a d

040 ## - CATALOGING SOURCE

  • Original cataloging agency: OSt
  • Transcribing agency: OSt

151 ## - HEADING--GEOGRAPHIC NAME

  • Geographic name: Islamic Empire
  • General subdivision: History
  • Chronological subdivision: 622-661

670 ## - SOURCE DATA FOUND

  • Source citation: Work cat.: (OSt)0: Siddiqui, Muhammad Yasin Mazhar 2179, Organisasi kerajaan pimpinan Rasulullah /, 1993
Pusat Sumber Maklumat Dato' Haji Sarmin Md Hussin, Akademi Kastam Diraja Malaysia, Melaka
Tel: 06-2331106 | Faks: 06-2313787